Estadísticas para Ciudades Mundiales más Grandes dentro de 1.000 kilómetros

Haz click aquí para intentar la prueba.

Estadísticas generales

  • Esta prueba ha sido intentada 1.576 veces
  • La puntuación promedio es 41 de 78

Respuestas en el mapa

Las respuestas están codificadas por una escala verde-roja en el mapa de la prueba según el % correcto abajo.
 

Estadísticas de respuestas

PaísR (km)Ciudad% Correcto
Reino Unido2500Londres
97%
España1054Madrid
97%
Argentina1674Buenos Aires
94%
Rusia2899Moscú
93%
Chile1139Santiago
93%
Estados Unidos3360Nueva York
92%
México11319Ciudad de México
91%
Perú3130Lima
91%
Colombia1869Bogotá
90%
Japón2903Tokio
88%
Egipto4363El Cairo
87%
Turquía1243Estambul
87%
Estados Unidos2479Los Ángeles
87%
Bolivia1078La Paz
86%
Estados Unidos1484Miami
86%
Brasil7423São Paulo
85%
India3654Delhi
82%
Islandia1325Reikiavik
81%
Australia5380Sídney
81%
Estados Unidos1158Chicago
75%
Sudáfrica1261Ciudad del Cabo
74%
Irán1913Teherán
74%
Filipinas1242Manila
73%
Indonesia3319Yakarta
73%
República Dominicana1337Santo Domingo
72%
Tailandia1533Bangkok
71%
Guatemala1059Ciudad de Guatemala
70%
Arabia Saudita1301Riad
70%
Senegal1800Dakar
68%
Estados Unidos1092Seattle
65%
India1157Bombay
64%
Madagascar1610Antananarivo
63%
Estados Unidos1282Dallas
63%
Sudáfrica4483Johannesburgo
63%
Malasia1177Kuala Lumpur
63%
Nigeria6366Lagos
60%
Bangladés1425Daca
59%
China1201Shanghái
59%
RD del Congo1781Kinsasa
58%
Sudán1606Jartum
56%
Estados Unidos3852Honolulu
53%
Nueva Zelanda2161Auckland
52%
Australia2729Perth
51%
China---Cantón
50%
Somalia1021Mogadiscio
49%
Papua Nueva Guinea2083Port Moresby
46%
Namibia1141Windhoek
44%
Brasil1294Manaos
43%
Estados Unidos2134Anchorage
42%
Tanzania2453Dar es-Salam
41%
Brasil1630Recife
41%
Zambia1190Lusaka
40%
Seychelles1085Vi{ctoria}
40%
Dinamarca1437Nu{uk}
34%
Fiyi1332Suva
33%
Brasil1129Belém
32%
Samoa1151Ap{ia}
31%
Islas Salomón1402Honiara
26%
Kiribati1871Ta{rawa}
26%
EF de Micronesia1016We{no}
26%
Rusia1018Ekaterimburgo
24%
China1786Urumchi
20%
China1240Chengdu
17%
Rusia1291Novosibirsk
17%
Australia1284Al{ice} {Springs}
16%
Rusia1353Yakutsk
12%
Francia1457Numea
10%
Australia1087Townsville
9%
Chile3535Ha{nga} {Roa}
8%
Rusia1082Norilsk
8%
Rusia1512Petropávlovsk-Kamchatski
8%
Rusia1492An{ádyr}
7%
Indonesia1046Jayapura
7%
Francia2409Fa{aa}
6%
Australia1021Po{rt} {Hedland}
6%
Ecuador1054Pu{erto} {Ayora}
6%
Estados Unidos2039Sa{ipán}
6%
Nueva Zelanda1139Av{arua}
4%

Distribución de puntuación

Porcentaje por número respondido

Porcentaje de gente con cada puntuación

Historial de tus puntuaciones

No has intentado esta prueba.